书目信息 |
| 000 | 00366nam0 2200145 450 | |
| 001 | 0760515518 | |
| 005 | 20070817164835.51 | |
| 010 | @b精装@d¥25.00 | |
| 100 | @a20070817d km y0chiy0120 ea | |
| 101 | 0 | @achi |
| 200 | 1 |
@a画说<<资本论>>@Ahua shuo< |
| 606 | 0 | @a绘画理论 |
| 690 | @aJ202@v3 | |
| 801 | 0 | @aCN@bPFT@c20070817 |
| 905 | @a213230@dJ202@eg4:2@f1 | |
| 画说<<资本论>>.第二册 |
| ISBN (精装):¥25.00 |
| ● |
| 相关链接 |
|
|
|
|
正题名:画说《资本论》
索取号:J202/g4:2
 
预约/预借
| 序号 | 登录号 | 条形码 | 馆藏地/架位号 | 状态 | 备注 |
| 1 | 6501434 | 265014343 | 密集书库-海洋学院/ [索取号:J202/g4:2] | 在馆 |